STLAČITEĽNOSŤ ZLEPŠENÝCH ZEMÍN

Podrobná bibliografia
Hlavní autori: Drinka, Dušan (Autor), Kollár, Jozef (Autor)
Médium: Článok
Jazyk:slovenčina
ISBN:9788022726399

MARC

LEADER 00000naa a2200000uu 4500
001 vtls011059846
003 SK-MaSNL
005 20260302114410.0
008 210909|2007 xo |||||||||||||||||slo|
015 |a SNBRA 
035 |a (urnnbn)urn:nbn:sk:snk:ar-a0c1q7 
035 |a (uuid)09eb6a6a-139a-492d-9acf-be0ad12271ed 
035 |a urn:nbn:sk:snk-aav89v 
040 |a SNKBUCL  |b slo  |c SNKBUCL  |e AACR2 
041 0 |a slo 
044 |a xo  |c SK 
100 1 |a Drinka, Dušan  |4 aut  |9 777247 
245 1 0 |a STLAČITEĽNOSŤ ZLEPŠENÝCH ZEMÍN  |c Dušan Drinka, Jozef Kollár 
700 1 |a Kollár, Jozef  |4 aut  |9 300180 
773 0 |t Zlepšovanie vlastností základových pôd  |d V Bratislave : Slovenská technická univerzita, 2007  |g S. 305-310  |z 9788022726399 
958 |a OND 
958 |a article12 
958 |a chapter 
999 |c 1259421  |d 1261351